00693nam a22001937a 4500999001900000005001700019010001500036020002700051035001400078037001300092082000800105100002500113245004500138260003600183270010700219300002100326942002200347952013000369 c193303d19330320221020144237.0 aENG-135507 a9789382730620c1395.00 aEN-119039 bDBAD/PUB a370 aTambe, Shashikant L. aResearch education/cShashikant L. Tambe akanpurbGarima prakashan c2018 aIst floor, mayur park basant vihar, Naubastabkanpure208021k0512-2634444mgarima.prakashan@gmail.com a328p.c22cm(hbk) 2ddccENmTAMh370 001040708NFICaZLSCLLRbZLSCLLRd2022-10-20eDBAD/PUBg1395.00l0o370 TAMpEN-119039r2022-10-20 00:00:00t1v1395.00yEN